| 000 | 01261nam a2200301Ia 4500 | ||
|---|---|---|---|
| 999 |
_c6696 _d6696 |
||
| 003 | OSt | ||
| 005 | 20200520150913.0 | ||
| 008 | 191128s9999 xx 000 0 und d | ||
| 020 | _a9788434407275 | ||
| 040 |
_aCO-JMCR _cCO-JMCR |
||
| 041 | 1 |
_aspa _heng |
|
| 082 | 0 | 4 |
_a330.09 / _bG141v _223 |
| 100 | 1 |
_aGalbraith, John Kenneth, _eautor _94507 |
|
| 245 | 1 | 3 |
_aUn viaje por la economía de nuestro tiempo / _cJohn Kenneth Galbraith ; traducción Ramón Tapias Trujillo |
| 250 | _a1.a edición | ||
| 260 |
_aBarcelona : _bAriel, _c2013 |
||
| 300 |
_a254 páginas ; _c23 cm. |
||
| 490 | 0 |
_aBiblioteca Galbraith. Ariel economía ; _v6 |
|
| 500 | _aIncluye datos biográficos del autor en la solapa. | ||
| 505 | _aLa dinámica mayor -- La gran divisoria -- Las raíces del desorde -- Deuda, inflación y John Maynard Keynes -- La escena económica de entonces: una digresión -- Portentos -- La crisis económica -- La gran depresión -- La nueva política | ||
| 534 | _pA journey through economic time | ||
| 546 | _aTraducido del inglés | ||
| 650 | 1 | 4 |
_aHistoria económica _94571 |
| 650 | 2 | 4 |
_aPolítica internacional _94572 |
| 650 | 2 | 4 |
_aCrecimiento económico _93636 |
| 700 | 1 |
_aTapias Trujillo, Ramón, _etraducción _94573 |
|
| 942 |
_2ddc _cBK |
||